| 000 | 01033nam a2200301 i 4500 | ||
|---|---|---|---|
| 001 | 11764 | ||
| 003 | ES-MaACL | ||
| 005 | 20250902063049.0 | ||
| 007 | t| | ||
| 008 | 961021s1995 xxk ||||1| spa d | ||
| 020 | _a0-521-476496 | ||
| 080 | _a81'42 | ||
| 080 | _a81'22 | ||
| 100 | 1 |
_aEco, Umberto, _d1932-2016 _946611 |
|
| 245 | 1 | 0 |
_aInterpretación y sobreinterpretación / _cUmberto Eco ; con colaboraciones de Richard Rorty, Jonathan Culler, Christine Brooke-Rose ; compilación de Stefan Collini ; traducción: Juan Gabriel López Guix. |
| 250 | _a1ª ed. española. | ||
| 260 |
_aCambridge : _bUniversity Press, _c1995. |
||
| 300 |
_a164 p. ; _c22 cm. |
||
| 650 | 0 | 7 |
_aAnálisis del discurso _2embne _99764 |
| 650 | 4 |
_aSemiótica. _917041 |
|
| 700 | 1 |
_aRorty, Richard. _999561 |
|
| 700 | 1 |
_aCuller, Jonathan. _942145 |
|
| 700 | 1 |
_aBrooke-Rose, Christine. _931912 |
|
| 700 | 1 |
_aCollini, Stefan. _939727 |
|
| 700 | 1 |
_aLópez Guix, Gabriel. _973692 |
|
| 852 |
_aES-MaACL _jL-19053 |
||
| 999 |
_c11764 _d11764 |
||